Statistiques concernant Trouve La Chanson de BTS #1

Cliquez ici pour prendre le quiz!

Statistiques générales

  • Ce quiz a été pris 918 fois
  • Le résultat moyen est 14 sur 20

Statistiques - réponses

Réponse% Correct
Fire
92%
DNA
91%
Dynamite
88%
On
88%
Mic Drop
87%
Fake Love
83%
Boy With Luv
81%
Dope
80%
N.O.
80%
Life Goes On
78%
Butter
77%
Spring Day
66%
Airplane pt.2
65%
I Need U
59%
Permission To Dance
59%
Boy In Luv
58%
Film Out
56%
Just One Day
56%
Anpanman
51%
We are Bulletproof : The Eternal
44%

Distribution des résultats

Percentile par nombre de réponses

% des personnes avec chaque résultat

Votre développement - résultats

Vous n’avez pas pris ce quiz